Famous Turkish People by Picture - Statistics

General Stats
  • This quiz has been taken 221 times
  • The average score is 10 of 16
Answer Stats
Picture Hint Answer % Correct
1881–1938 Mustafa Kemal Atatürk
95%
1954– Recep Tayyip Erdoğan
91%
1902–1963 Nâzım Hikmet
73%
1987– Arda Turan
70%
1972– Tarkan
65%
1943–1999 Barış Manço
64%
1953– Fatih Terim
62%
1944–2000 Kemal Sunal
61%
1913–2001 Sabiha Gökçen
60%
1954– Sezen Aksu
57%
1973– Cem Yılmaz
56%
1946– Aziz Sancar
49%
1984– Beren Saat
49%
1952– Orhan Pamuk
45%
1964– Sertab Erener
42%
1959– Nuri Bilge Ceylan
26%
No matching quizzes found
Score Distribution
Percent of People with Each Score
Percentile by Number Answered
Your Score History
You have not taken this quiz